[Event "Pere Noel"]
[Site "Montreal CAN"]
[Date "2019.12.30"]
[Round "5.18"]
[White "He, Zekai"]
[Black "Guipi Bopala, Prince Eric jr"]
[Result "1/2-1/2"]
[WhiteElo "1667"]
[BlackElo "1863"]
[PlyCount "86"]
[EventDate "2019.12.26"]
[EventType "swiss"]
[EventRounds "5"]
[EventCountry "CAN"]

1. e4 c6 2. d4 d5 3. exd5 cxd5 4. Bd3 Nf6 5. c3 Nc6 6. Bf4 e6 7. Nf3 Bd6 8.
Bxd6 Qxd6 9. Nbd2 O-O 10. O-O e5 11. dxe5 Nxe5 12. Nxe5 Qxe5 13. Re1 Qd6 14.
Nc4 Qf4 15. Ne3 Be6 16. Rc1 Rac8 17. Rc2 Rfd8 18. Rd2 Kh8 19. Bc2 Ng4 20. Nxg4
Bxg4 21. f3 Bf5 22. Bb3 Be6 23. Bxd5 Qg5 24. h4 Qxh4 25. Bxe6 fxe6 26. Rxe6 Re8
27. Rxe8+ Rxe8 28. Re2 Rd8 29. Qe1 Qh5 30. Rd2 Re8 31. Qf2 h6 32. Rd1 Qb5 33.
Re1 Rxe1+ 34. Qxe1 Qxb2 35. Qe8+ Kh7 36. Qe4+ Kg8 37. Qe8+ Kh7 38. Qe4+ g6 39.
Qe7+ Kg8 40. Qe8+ Kg7 41. Qe7+ Kg8 42. Qe8+ Kg7 43. Qe7+ Kg8 1/2-1/2

[Event "Quebec op"]
[Site "Longueuil CAN"]
[Date "2019.07.24"]
[Round "6.21"]
[White "Mercure, Gilbert"]
[Black "Boucher, Antoni"]
[Result "1-0"]
[WhiteElo "1795"]
[BlackElo "1932"]
[PlyCount "63"]
[EventDate "2019.07.20"]
[EventType "swiss"]
[EventRounds "9"]
[EventCountry "CAN"]

1. e4 c6 2. d4 d5 3. f3 e6 4. Nc3 Bb4 5. a3 Ba5 6. Bd2 Nf6 7. e5 Nfd7 8. f4 c5
9. Nb5 O-O 10. b4 cxb4 11. axb4 Bb6 12. Nf3 f6 13. Bd3 Qe7 14. O-O Nc6 15. c3
fxe5 16. fxe5 Ndxe5 17. Nxe5 Rxf1+ 18. Kxf1 Nxe5 19. dxe5 Bd7 20. Qh5 g6 21.
Qg4 Rf8+ 22. Ke1 Bf2+ 23. Ke2 Qg7 24. Bf4 h5 25. Qg5 Bxb5 26. Bxb5 Rf5 27. Qh6
Qf7 28. g3 Bb6 29. Bd3 Rxe5+ 30. Bxe5 Qf2+ 31. Kd1 Qf3+ 32. Kc2 1-0

[Event "Quebec op"]
[Site "Longueuil CAN"]
[Date "2019.07.25"]
[Round "7.11"]
[White "Zheng, Richard"]
[Black "Soudre, Nicolas"]
[Result "1/2-1/2"]
[WhiteElo "1993"]
[BlackElo "2086"]
[PlyCount "130"]
[EventDate "2019.07.20"]
[EventType "swiss"]
[EventRounds "9"]
[EventCountry "CAN"]

1. b3 Nf6 2. Bb2 g6 3. Nc3 Bg7 4. d4 d5 5. Qd2 O-O 6. O-O-O e6 7. f3 b6 8. g4
c5 9. e3 Nc6 10. Bb5 Bb7 11. Nge2 Rc8 12. Bxc6 Bxc6 13. Ng3 c4 14. b4 b5 15. a3
a5 16. Na2 axb4 17. Nxb4 c3 18. Qxc3 Qd6 19. Rdg1 Nd7 20. h4 h6 21. f4 Nb6 22.
h5 Be8 23. Qd3 f5 24. gxf5 gxf5 25. Nf1 Rf7 26. Nd2 Rcc7 27. Nf3 Kh8 28. Ne5
Nc4 29. Rg3 Bf6 30. Qe2 Rg7 31. Rhg1 Rce7 32. Rxg7 Rxg7 33. Rxg7 Bxg7 34. Nxc4
bxc4 35. Bc3 Bf8 36. Kb2 Qe7 37. Be1 Qf7 38. c3 Be7 39. Kc2 Bd8 40. Qh2 Ba4+
41. Kc1 Be8 42. Kc2 Kh7 43. Kc1 Qxh5 44. Qxh5 Bxh5 45. Kd2 Be8 46. Ke2 Kg6 47.
Kf3 Ba4 48. Kg3 Be7 49. Kh3 Kf7 50. Bh4 Bf8 51. Kg2 Ke8 52. Kf2 Kd7 53. Ke2 Kc7
54. Kd2 Be8 55. Ke2 Ba4 56. Ke1 Kd7 57. Ke2 Ke8 58. Ke1 Kf7 59. Kf2 Kg6 60. Kg3
Kh5 61. Bf6 Kg6 62. Bh4 Kf7 63. Kf2 Ke8 64. Ke2 Kd7 65. Ke1 Ke8 1/2-1/2

[Event "Quebec op"]
[Site "Longueuil CAN"]
[Date "2019.07.25"]
[Round "7.12"]
[White "Libersan, Thierry"]
[Black "Zhu, Hong Rui"]
[Result "1/2-1/2"]
[WhiteElo "2017"]
[BlackElo "2275"]
[PlyCount "89"]
[EventDate "2019.07.20"]
[EventType "swiss"]
[EventRounds "9"]
[EventCountry "CAN"]

1. Nf3 c5 2. c4 Nc6 3. d4 cxd4 4. Nxd4 g6 5. e4 Bg7 6. Be3 Nf6 7. Nc3 Ng4 8.
Qxg4 Nxd4 9. Qd1 Ne6 10. Qd2 Qa5 11. Rc1 d6 12. Be2 Bd7 13. O-O Bc6 14. f3 O-O
15. Rfd1 Rfc8 16. Bf1 Nc5 17. g3 Na4 18. Nxa4 Qxd2 19. Rxd2 Bxa4 20. Bh3 Rc7
21. b3 Bd7 22. Bxd7 Rxd7 23. c5 Rc7 24. Rcd1 Bc3 25. Rd3 Bb4 26. cxd6 Bxd6 27.
Rd5 f6 28. f4 Rc2 29. e5 fxe5 30. fxe5 Bb4 31. Rb5 a5 32. Rxb7 Rxa2 33. Rf1 Re2
34. Bf4 Rc8 35. g4 Rf8 36. Rc7 Rb2 37. e6 Rxb3 38. Bh6 Rxf1+ 39. Kxf1 Rc3 40.
Ra7 Rc8 41. h3 Rd8 42. Ke2 Kh8 43. Kf3 Kg8 44. Ke4 Rc8 45. Kf3 1/2-1/2

[Event "Quebec op"]
[Site "Longueuil CAN"]
[Date "2019.07.25"]
[Round "7.13"]
[White "Voskanyan, Vahagn"]
[Black "Yagiz, Bora"]
[Result "1-0"]
[WhiteElo "2205"]
[BlackElo "1889"]
[PlyCount "121"]
[EventDate "2019.07.20"]
[EventType "swiss"]
[EventRounds "9"]
[EventCountry "CAN"]

1. Nf3 d6 2. d4 Nf6 3. c4 g6 4. Nc3 Bg7 5. g3 O-O 6. Bg2 Nc6 7. h3 Rb8 8. Be3
a6 9. Qc1 b5 10. cxb5 axb5 11. Nxb5 Rxb5 12. Qxc6 Rxb2 13. Qc1 Rb8 14. Nd2 Bb7
15. Bxb7 Rxb7 16. Nb3 Qa8 17. O-O Ra7 18. Qc4 Rxa2 19. Qxc7 Nd5 20. Qc4 e6 21.
Bf4 Rd8 22. Rxa2 Qxa2 23. Ra1 Qb2 24. Bxd6 Bxd4 25. Ba3 Qc3 26. Qxd4 Qxb3 27.
e4 Ra8 28. Bb2 Rxa1+ 29. Bxa1 f6 30. exd5 e5 31. Qc3 Qd1+ 32. Kh2 Qxd5 33. Qe3
Kg7 34. Bc3 g5 35. g4 Kg6 36. Kg3 Qh1 37. Qe1 Qd5 38. f3 Qb3 39. Bd2 Qb5 40.
Qc1 Qd3 41. Qe1 Kg7 42. Qe3 Qd7 43. Be1 Qa4 44. Bf2 Qc4 45. Qa7+ Kg6 46. Qe7
Qf4+ 47. Kg2 Qd2 48. Qf8 Qa2 49. Kg3 Qc4 50. Qc5 Qf4+ 51. Kg2 Qd2 52. Qc4 Kg7
53. Qe6 Qc1 54. h4 gxh4 55. Bxh4 Qd2+ 56. Kh3 Qf4 57. Qf5 Qh6 58. Qd7+ Kg6 59.
Qe8+ Kg7 60. Qe7+ Kg6 61. Qxf6# 1-0

[Event "Quebec op"]
[Site "Longueuil CAN"]
[Date "2019.07.26"]
[Round "8.1"]
[White "Roussel-Roozmon, Thomas"]
[Black "Vera, Reynaldo"]
[Result "1/2-1/2"]
[WhiteElo "2463"]
[BlackElo "2424"]
[PlyCount "50"]
[EventDate "2019.07.20"]
[EventType "swiss"]
[EventRounds "9"]
[EventCountry "CAN"]

1. d4 Nf6 2. c4 e6 3. g3 c5 4. d5 exd5 5. cxd5 d6 6. Nc3 g6 7. Bg2 Bg7 8. Nf3
O-O 9. O-O a6 10. a4 Re8 11. Bf4 h6 12. Qc1 g5 13. Bd2 Bf5 14. h4 g4 15. Nh2
Kh7 16. Re1 Nbd7 17. Nf1 Ne5 18. Ne3 Bg6 19. b3 Rc8 20. a5 Rc7 21. Na4 Nh5 22.
Nb6 f5 23. Ra4 Rf7 24. Nf1 Ref8 25. Bf4 Nxf4 1/2-1/2

[Event "Quebec op"]
[Site "Longueuil CAN"]
[Date "2019.07.26"]
[Round "8.3"]
[White "Sambuev, Bator"]
[Black "Cummings, David"]
[Result "1-0"]
[WhiteElo "2503"]
[BlackElo "2340"]
[PlyCount "216"]
[EventDate "2019.07.20"]
[EventType "swiss"]
[EventRounds "9"]
[EventCountry "CAN"]

1. d4 Nf6 2. Nf3 d5 3. c4 e6 4. Nc3 Be7 5. Bg5 Nbd7 6. e3 h6 7. Bh4 O-O 8. Rc1
c5 9. cxd5 Nxd5 10. Bxe7 Nxe7 11. Bb5 cxd4 12. Qxd4 Nf6 13. Ke2 a6 14. Bd3 Nc6
15. Qc5 Bd7 16. Rhd1 Rc8 17. Qa3 Qc7 18. h3 Rfd8 19. g4 Be8 20. Bb1 Qe7 21.
Qxe7 Nxe7 22. Rxd8 Rxd8 23. Nd4 Ned5 24. Nxd5 Nxd5 25. Be4 Kf8 26. a3 Ke7 27.
b4 Ba4 28. Rc5 g6 29. h4 Rd7 30. g5 hxg5 31. hxg5 b6 32. Rc8 Rc7 33. Rxc7+ Nxc7
34. f4 Kd6 35. Nf3 Be8 36. Ne5 Nb5 37. Nc4+ Kc7 38. Bd3 a5 39. Kd2 axb4 40.
axb4 Nd6 41. Ne5 Nc8 42. Kc3 Ne7 43. Be4 Nc8 44. Kd4 Kd6 45. Nc4+ Ke7 46. Ke5
Bb5 47. Nd2 Nd6 48. Kd4 Be8 49. Bd3 f6 50. Nf3 fxg5 51. Nxg5 Kf6 52. Nh7+ Ke7
53. e4 Nf7 54. e5 Nd8 55. Nf6 Bc6 56. Bxg6 Bf3 57. Bd3 Nc6+ 58. Kc3 Na7 59. Nh7
Bc6 60. Ng5 Bd7 61. Ne4 Kd8 62. Nd6 Nc6 63. Bc4 Ne7 64. Nf7+ Ke8 65. Ng5 Ng6
66. Nh3 Ne7 67. Bb3 Nc6 68. Ng5 Ke7 69. Nf3 Na7 70. Bc4 Nc6 71. Bd3 Kd8 72. Be4
Na7 73. Nd2 Kc7 74. Kd3 Bb5+ 75. Kd4 Nc6+ 76. Bxc6 Kxc6 77. Ne4 Be2 78. Nc3 Bf1
79. Ke3 Bh3 80. Kf3 Bf5 81. Kg3 Bd3 82. Kh4 Bf5 83. Kg5 Bh3 84. Kf6 Bf5 85. Nd1
Bc2 86. Ne3 Bb3 87. f5 exf5 88. Nxf5 Kd5 89. Nd6 Ba4 90. Nc8 Kc6 91. Nd6 Bd1
92. Ne4 Bg4 93. Nc3 Kd7 94. Kg5 Be6 95. Kf4 Bc4 96. Ke4 Bg8 97. Nd5 Bh7+ 98.
Kd4 Kc6 99. Kc4 b5+ 100. Kd4 Bc2 101. Nf4 Bb3 102. Ne2 Bd5 103. Nc3 Bf7 104.
Ke4 Bc4 105. Kf5 Kd7 106. Kf6 Bg8 107. Nxb5 Kc6 108. Nc3 Kd7 1-0

[Event "Quebec op"]
[Site "Longueuil CAN"]
[Date "2019.07.26"]
[Round "8.4"]
[White "Rodrigue-Lemieux, Shawn"]
[Black "Perez Rodriguez, Luis Manuel"]
[Result "0-1"]
[WhiteElo "2257"]
[BlackElo "2348"]
[PlyCount "114"]
[EventDate "2019.07.20"]
[EventType "swiss"]
[EventRounds "9"]
[EventCountry "CAN"]

1. e4 e5 2. Nf3 Nc6 3. Bb5 a6 4. Ba4 Nf6 5. d3 b5 6. Bb3 Be7 7. O-O O-O 8. a4
Bb7 9. axb5 axb5 10. Rxa8 Bxa8 11. Re1 Re8 12. Ng5 d5 13. exd5 Nd4 14. d6 Nxb3
15. dxe7 Qd5 16. Nf3 Nd4 17. Nc3 Nxf3+ 18. Qxf3 Qd6 19. Qg3 b4 20. Nd1 Qxe7 21.
Bg5 Qe6 22. Ne3 Nh5 23. Qg4 Qxg4 24. Nxg4 f6 25. Bd2 b3 26. f4 bxc2 27. fxe5
Bd5 28. d4 fxe5 29. dxe5 Rd8 30. Bg5 Rb8 31. Bc1 Bb3 32. Nf2 g6 33. Ne4 Rd8 34.
Kf2 Rd1 35. Nc5 Bd5 36. g4 Ng7 37. Na4 Ne6 38. Nc3 Bb3 39. Be3 c5 40. Ne2 Nd4
41. Nc1 Bc4 42. Rg1 Kf7 43. h4 Ke6 44. Bf4 Nf3 45. Rg2 Nxe5 46. Kg3 Bd3 47. b3
Kd5 48. h5 Rf1 49. Bh6 Be4 50. Rd2+ Ke6 51. Re2 Rg1+ 52. Kh2 Rxg4 53. hxg6 hxg6
54. Bg7 Nf3+ 55. Kh3 Kf5 56. Re3 Rg1 57. Bb2 g5 0-1

[Event "Quebec op"]
[Site "Longueuil CAN"]
[Date "2019.07.26"]
[Round "8.6"]
[White "Kaufman, Raymond"]
[Black "Masse, Hugues"]
[Result "0-1"]
[WhiteElo "2301"]
[BlackElo "2168"]
[PlyCount "138"]
[EventDate "2019.07.20"]
[EventType "swiss"]
[EventRounds "9"]
[EventCountry "CAN"]

1. d4 Nf6 2. c4 e6 3. Nf3 b6 4. a3 Ba6 5. Qc2 Bb7 6. Nc3 c5 7. e4 cxd4 8. Nxd4
Bc5 9. Nb3 Nc6 10. Nxc5 bxc5 11. Bd3 d6 12. Bg5 h6 13. Bh4 g5 14. Bg3 e5 15.
Qd1 a5 16. h4 Rg8 17. Nb5 a4 18. hxg5 hxg5 19. Rh5 Nd4 20. Nxd4 cxd4 21. Qf3
Rg6 22. Rh8+ Rg8 23. Rxg8+ Nxg8 24. O-O-O Qf6 25. Qxf6 Nxf6 26. f3 Nh5 27. Be1
Nf4 28. Bf1 Rc8 29. Bb4 Kd7 30. Kd2 g4 31. Rc1 gxf3 32. gxf3 Ba6 33. Ke1 Rh8
34. Bd2 Ne6 35. Kf2 Nc5 36. Kg3 Kc6 37. Bb4 Nb3 38. Rc2 Rg8+ 39. Kf2 Na1 40.
Rc1 Nb3 41. Rc2 Nc5 42. Rc1 Rh8 43. Kg2 Bc8 44. Bxc5 Kxc5 45. Bd3 Bd7 46. Rc2
Be6 47. Kg1 Rb8 48. Kf2 Rb3 49. Ke2 Bh3 50. Rd2 Be6 51. Rc2 f6 52. Kd2 f5 53.
Ke2 fxe4 54. fxe4 Bg4+ 55. Kd2 Bf3 56. Rc1 Rxb2+ 57. Rc2 Rb3 58. Ra2 Rc3 59.
Ra1 Bg4 60. Rg1 Be6 61. Rg7 Rxa3 62. Re7 Bh3 63. Ra7 Ra2+ 64. Kc1 Kb6 65. Kb1
Ra3 66. Bc2 Rc3 67. Rh7 Bf1 68. Rh1 Bxc4 69. Rh3 d3 0-1

[Event "Quebec op"]
[Site "Longueuil CAN"]
[Date "2019.07.26"]
[Round "8.7"]
[White "Botez, Alexandra"]
[Black "Martinez Mulet, Dario Leonel"]
[Result "1/2-1/2"]
[WhiteElo "2040"]
[BlackElo "2123"]
[PlyCount "124"]
[EventDate "2019.07.20"]
[EventType "swiss"]
[EventRounds "9"]
[EventCountry "CAN"]

1. d4 d5 2. Nf3 Nf6 3. c4 c6 4. cxd5 cxd5 5. Nc3 Nc6 6. Bf4 a6 7. e3 Bf5 8. Bd3
Bxd3 9. Qxd3 e6 10. O-O Bd6 11. Ne5 O-O 12. Nxc6 bxc6 13. Bxd6 Qxd6 14. Na4 Ng4
15. f4 f6 16. Qe2 Nh6 17. Rac1 Nf5 18. Qd3 g6 19. Rc3 e5 20. dxe5 fxe5 21. e4
Nd4 22. Nc5 Ra7 23. exd5 cxd5 24. a4 Raf7 25. Nxa6 Rxf4 26. Rxf4 Rxf4 27. Rc8+
Rf8 28. Rxf8+ Kxf8 29. b4 Qb6 30. Qf1+ Ke7 31. Kh1 e4 32. a5 Qb5 33. Qxb5 Nxb5
34. Kg1 Kd6 35. Kf2 d4 36. Nc5 Kd5 37. a6 e3+ 38. Ke2 Kc4 39. Ne6 Nc3+ 40. Kf3
Nb5 41. Ke2 Kc3 42. Nf4 Kc2 43. h4 h6 44. g4 g5 45. hxg5 hxg5 46. Nd5 d3+ 47.
Kxe3 d2 48. Kf2 d1=N+ 49. Kf3 Kd3 50. a7 Nxa7 51. Nc7 Nc6 52. b5 Ne5+ 53. Kg3
Nc3 54. Ne6 Nxb5 55. Nxg5 Ke3 56. Ne6 Nd6 57. Kh4 Ne4 58. g5 Kf3 59. Kh5 Ng3+
60. Kh6 Nf5+ 61. Kh7 Kg4 62. Kg8 Kh5 1/2-1/2

[Event "Quebec op"]
[Site "Longueuil CAN"]
[Date "2019.07.26"]
[Round "8.8"]
[White "Voskanyan, Vahagn"]
[Black "Zheng, Richard"]
[Result "1/2-1/2"]
[WhiteElo "2205"]
[BlackElo "1993"]
[PlyCount "61"]
[EventDate "2019.07.20"]
[EventType "swiss"]
[EventRounds "9"]
[EventCountry "CAN"]

1. e4 c6 2. Nc3 d5 3. Nf3 Nf6 4. e5 Ne4 5. d3 Nxc3 6. bxc3 e6 7. d4 c5 8. dxc5
Bxc5 9. Bd3 h6 10. O-O b6 11. Nd4 h5 12. Re1 Bd7 13. Qf3 Nc6 14. Nb5 a6 15.
Nd6+ Bxd6 16. exd6 Qf6 17. Qe2 Nb4 18. Bd2 Nxd3 19. cxd3 Qf5 20. Rab1 b5 21.
Rb4 g5 22. h4 f6 23. hxg5 fxg5 24. c4 O-O 25. Be3 g4 26. cxd5 exd5 27. Rf4 Qe5
28. Rxf8+ Rxf8 29. Bc5 Qxe2 30. Rxe2 Re8 31. Rxe8+ 1/2-1/2

[Event "Quebec op"]
[Site "Longueuil CAN"]
[Date "2019.07.26"]
[Round "8.9"]
[White "Manley, Jason"]
[Black "Tanaka, Tyler"]
[Result "0-1"]
[WhiteElo "2025"]
[BlackElo "2109"]
[PlyCount "68"]
[EventDate "2019.07.20"]
[EventType "swiss"]
[EventRounds "9"]
[EventCountry "CAN"]

1. c4 Nf6 2. g3 g6 3. Bg2 Bg7 4. d4 O-O 5. Nc3 c5 6. d5 d6 7. e4 e6 8. Nge2
exd5 9. cxd5 Re8 10. O-O a6 11. a4 Nbd7 12. Bf4 Ne5 13. b3 Rb8 14. Nc1 b5 15.
Nd3 Nxd3 16. Qxd3 Nh5 17. axb5 Nxf4 18. gxf4 axb5 19. Ra2 Bd7 20. Nd1 Ra8 21.
Rxa8 Qxa8 22. Ne3 Qa3 23. Nc2 Qa2 24. Rd1 c4 25. bxc4 bxc4 26. Qe2 Ba4 27. Rc1
Qb2 28. Qd1 Bh6 29. Qd2 c3 30. Qe3 Bxc2 31. f3 Bg7 32. Kh1 Rb8 33. Bf1 Bd4 34.
Qe1 Bf2 0-1

[Event "Quebec op"]
[Site "Longueuil CAN"]
[Date "2019.07.26"]
[Round "8.10"]
[White "Robichaud, Louis"]
[Black "Saha, Ananda"]
[Result "0-1"]
[WhiteElo "2026"]
[BlackElo "2059"]
[PlyCount "68"]
[EventDate "2019.07.20"]
[EventType "swiss"]
[EventRounds "9"]
[EventCountry "CAN"]

1. e4 e6 2. d3 c5 3. g3 Nc6 4. Bg2 d5 5. Nd2 Nge7 6. Ngf3 g6 7. O-O Bg7 8. exd5
exd5 9. d4 cxd4 10. Nb3 Bg4 11. Re1 O-O 12. h3 Bxf3 13. Bxf3 Nf5 14. Bf4 h5 15.
Nc5 b6 16. Nd3 Rc8 17. Qd2 Qd7 18. Re2 Na5 19. b3 Rc3 20. Bg2 Rfc8 21. Rae1 Bf8
22. Qd1 Nb7 23. Be5 Nc5 24. Nf4 Ne4 25. Nxd5 Qxd5 26. Rxe4 Rxc2 27. Rxd4 Qa5
28. Rf4 Rc1 29. Qxc1 Rxc1 30. Rxc1 Qxe5 31. Rc8 Kg7 32. b4 Qe1+ 33. Kh2 Bd6 34.
Rf3 Nh4 0-1

[Event "Quebec op"]
[Site "Longueuil CAN"]
[Date "2019.07.26"]
[Round "8.11"]
[White "Zhu, Hong Rui"]
[Black "Poulin, Maurice"]
[Result "1-0"]
[WhiteElo "2275"]
[BlackElo "1944"]
[PlyCount "81"]
[EventDate "2019.07.20"]
[EventType "swiss"]
[EventRounds "9"]
[EventCountry "CAN"]

1. e4 g6 2. d4 Bg7 3. Nc3 d6 4. Be3 a6 5. a4 b6 6. h3 Bb7 7. Nf3 Nd7 8. Bc4 e6
9. Qd2 h6 10. Bb3 Ne7 11. O-O Nf6 12. d5 e5 13. Nh2 Nd7 14. Rae1 f5 15. f4 exf4
16. Bxf4 g5 17. Bxg5 hxg5 18. exf5 Bxc3 19. bxc3 Ne5 20. Qxg5 Bxd5 21. f6 Bxb3
22. fxe7 Qxe7 23. Qxe7+ Kxe7 24. cxb3 Kd7 25. Nf3 Nd3 26. Re3 Nc5 27. Nd4 Rh7
28. Kh2 Rg8 29. g3 Rgh8 30. h4 Kc8 31. Kg2 Nd7 32. Nf3 Rf7 33. Ng5 Rxf1 34.
Kxf1 Nc5 35. c4 Kb7 36. Kg2 Kc6 37. Nf3 Nd7 38. Nd4+ Kb7 39. Kh3 Ne5 40. Nf3
Nd7 41. g4 1-0

[Event "Quebec op"]
[Site "Longueuil CAN"]
[Date "2019.07.26"]
[Round "8.12"]
[White "Huang, Qiuyu"]
[Black "Abdelaal, Ibrahim"]
[Result "1-0"]
[WhiteElo "2181"]
[BlackElo "1903"]
[PlyCount "35"]
[EventDate "2019.07.20"]
[EventType "swiss"]
[EventRounds "9"]
[EventCountry "CAN"]

1. e4 d5 2. exd5 Nf6 3. c4 c6 4. d4 cxd5 5. Nc3 Nc6 6. Bg5 e6 7. Nf3 Be7 8. c5
h6 9. Bf4 g5 10. Bg3 Ne4 11. Bb5 Nxc3 12. bxc3 Qa5 13. Bxc6+ bxc6 14. O-O Bf6
15. Be5 Qd8 16. Qa4 Bd7 17. Bxf6 Qxf6 18. Ne5 1-0

[Event "Quebec op"]
[Site "Longueuil CAN"]
[Date "2019.07.26"]
[Round "8.13"]
[White "Feoktistov, Dmitri"]
[Black "Libersan, Thierry"]
[Result "1-0"]
[WhiteElo "2139"]
[BlackElo "2017"]
[PlyCount "63"]
[EventDate "2019.07.20"]
[EventType "swiss"]
[EventRounds "9"]
[EventCountry "CAN"]

1. d4 Nf6 2. c4 g6 3. Nc3 Bg7 4. e4 d6 5. f3 Nbd7 6. Be3 O-O 7. Qd2 e5 8. Nge2
c6 9. O-O-O a6 10. g4 b5 11. c5 Qa5 12. cxd6 b4 13. Nb1 Rd8 14. Na3 Ne8 15. Kb1
Nxd6 16. Bg5 f6 17. Be3 Rb8 18. Nc1 exd4 19. Bxd4 Ne5 20. Bxe5 fxe5 21. Nc4 Qc7
22. Nxd6 Be6 23. f4 Rd7 24. f5 Bf7 25. Bxa6 Rbd8 26. Qxb4 Rxd6 27. Rxd6 Rxd6
28. Bc4 Rd4 29. Bxf7+ Kxf7 30. Qb3+ Kf8 31. fxg6 hxg6 32. Rf1+ 1-0

[Event "Quebec op"]
[Site "Longueuil CAN"]
[Date "2019.07.26"]
[Round "8.14"]
[White "Soudre, Nicolas"]
[Black "Fillion, Steve"]
[Result "1-0"]
[WhiteElo "2086"]
[BlackElo "2091"]
[PlyCount "79"]
[EventDate "2019.07.20"]
[EventType "swiss"]
[EventRounds "9"]
[EventCountry "CAN"]

1. e4 c6 2. d4 d5 3. Nc3 dxe4 4. Nxe4 Nf6 5. Nxf6+ exf6 6. c3 Bd6 7. Bd3 O-O 8.
Qc2 Re8+ 9. Ne2 Kh8 10. Be3 Nd7 11. O-O-O Nf8 12. c4 Be6 13. Nc3 Rc8 14. Kb1
Qa5 15. Bd2 Qc7 16. g3 a6 17. c5 Be7 18. b4 Qd7 19. Be3 f5 20. h4 Bf6 21. Na4
Bd8 22. Nb2 Ng6 23. Nc4 Bc7 24. h5 Ne7 25. h6 g6 26. Qb2 Nd5 27. Bf4 f6 28.
Bxc7 Rxc7 29. Rhe1 Bg8 30. Nd6 Re6 31. Bc4 Qe7 32. Qd2 Qf8 33. Bxd5 cxd5 34.
Rxe6 Bxe6 35. Re1 Bf7 36. Qe3 Kg8 37. Kb2 Qd8 38. a4 Kf8 39. Re2 Re7 40. Qxe7+
1-0

[Event "Quebec op"]
[Site "Longueuil CAN"]
[Date "2019.07.26"]
[Round "8.15"]
[White "Trahan, Daniel"]
[Black "Zhong, Kevin"]
[Result "0-1"]
[WhiteElo "1949"]
[BlackElo "2039"]
[PlyCount "68"]
[EventDate "2019.07.20"]
[EventType "swiss"]
[EventRounds "9"]
[EventCountry "CAN"]

1. d4 d5 2. c4 e6 3. Nc3 Nf6 4. cxd5 exd5 5. Bg5 Be7 6. e3 c6 7. Bd3 Nbd7 8.
Nf3 O-O 9. O-O Re8 10. Qc2 Nf8 11. h3 Ng6 12. Bxf6 Bxf6 13. b4 a6 14. a4 Be6
15. Rab1 Rc8 16. a5 Qd7 17. Rfe1 Be7 18. Ne5 Nxe5 19. dxe5 Bxb4 20. Bxh7+ Kh8
21. Bd3 Bxa5 22. f4 d4 23. Na4 Bxe1 24. Nb6 Qe7 25. Nxc8 Rxc8 26. Rxe1 Qh4 27.
Qd2 Rd8 28. e4 c5 29. f5 Bb3 30. Rf1 c4 31. Rf4 Qg5 32. Kh2 cxd3 33. Qf2 d2 34.
Qxd2 Rc8 0-1

[Event "Quebec op"]
[Site "Longueuil CAN"]
[Date "2019.07.26"]
[Round "8.16"]
[White "Trottier, Alain"]
[Black "Nunez, Omar"]
[Result "1/2-1/2"]
[WhiteElo "1829"]
[BlackElo "1963"]
[PlyCount "44"]
[EventDate "2019.07.20"]
[EventType "swiss"]
[EventRounds "9"]
[EventCountry "CAN"]

1. b4 f5 2. Bb2 Nf6 3. Bxf6 exf6 4. c3 d5 5. d4 Bd6 6. Nd2 O-O 7. g3 f4 8. gxf4
Bxf4 9. e3 Bh6 10. Bd3 f5 11. Qf3 a5 12. b5 c6 13. a4 f4 14. e4 dxe4 15. Nxe4
Be6 16. Ne2 Nd7 17. c4 Qe7 18. c5 Bd5 19. N2c3 Nf6 20. Qe2 Nxe4 21. Bxe4 Bxe4
22. Nxe4 Rf5 1/2-1/2

[Event "Quebec op"]
[Site "Longueuil CAN"]
[Date "2019.07.26"]
[Round "8.17"]
[White "Richard, Leo"]
[Black "Nunez-Painchaud, Raphael"]
[Result "0-1"]
[WhiteElo "1813"]
[BlackElo "1962"]
[PlyCount "74"]
[EventDate "2019.07.20"]
[EventType "swiss"]
[EventRounds "9"]
[EventCountry "CAN"]

1. d4 Nf6 2. Nf3 e6 3. Bf4 b6 4. e3 Nh5 5. Bg3 Bb7 6. Bd3 Be7 7. Nbd2 d6 8. c3
O-O 9. Qc2 f5 10. O-O-O Ba6 11. Ne1 Qd7 12. Bxa6 Nxa6 13. f4 d5 14. Nd3 Rac8
15. Nf3 c5 16. Be1 Nb4 17. Nxb4 cxb4 18. Kb1 b5 19. Ne5 Qb7 20. Qb3 bxc3 21.
Bxc3 b4 22. Rc1 Nf6 23. Nd3 a5 24. Be1 Ne4 25. Nf2 Rxc1+ 26. Kxc1 Rc8+ 27. Kb1
Qc6 28. Qd1 Nd6 29. Bd2 Qb5 30. b3 Qa6 31. Bc1 Nb5 32. Bb2 a4 33. g4 Nc3+ 34.
Bxc3 axb3 35. Qxb3 Rxc3 36. Qb2 Rxe3 37. Rc1 b3 0-1

[Event "Quebec op"]
[Site "Longueuil CAN"]
[Date "2019.07.26"]
[Round "8.18"]
[White "Yagiz, Bora"]
[Black "Jacquet, Stephane"]
[Result "0-1"]
[WhiteElo "1889"]
[BlackElo "1915"]
[PlyCount "108"]
[EventDate "2019.07.20"]
[EventType "swiss"]
[EventRounds "9"]
[EventCountry "CAN"]

1. e4 c5 2. Nf3 Nc6 3. Bb5 g6 4. O-O Bg7 5. Re1 e5 6. b4 cxb4 7. Bb2 Nge7 8. a3
bxa3 9. Nxa3 O-O 10. Nc4 d5 11. exd5 Qxd5 12. Bxc6 Qxc4 13. Be4 Qc7 14. Bxe5
Bxe5 15. Nxe5 Nf5 16. Nf3 Nd6 17. Bd5 Bg4 18. Qb1 Qc5 19. Re5 Qb6 20. Qxb6 axb6
21. Rae1 Ra5 22. Nd4 Rc8 23. f3 Bd7 24. Nb3 Rb5 25. Nd4 Rb4 26. c3 Rb2 27. Re7
Re8 28. Rxe8+ Bxe8 29. Bxb7 Rxd2 30. Re2 Rd3 31. Rc2 Ba4 32. Ra2 b5 33. Bc6
Rxc3 34. Rb2 Rc4 35. Bxb5 Rxd4 36. Be2 Kg7 37. Kf2 Rd5 38. Rb4 Bb5 39. Bxb5
Rxb5 40. Ra4 Nf5 41. Ra2 Rb3 42. Rd2 h5 43. h3 Kf6 44. Ra2 Nd4 45. Kg3 Rc3 46.
Kf4 Rc2 47. Ra6+ Ne6+ 48. Kg3 Kg7 49. h4 Nd4 50. Ra4 Nf5+ 51. Kh3 Ne3 52. g3
Nf1 53. Ra2 Rxa2 54. f4 Rh2# 0-1

[Event "Quebec op"]
[Site "Longueuil CAN"]
[Date "2019.07.26"]
[Round "8.19"]
[White "Boucher, Antoni"]
[Black "Luksza, Arkadiusz"]
[Result "1/2-1/2"]
[WhiteElo "1932"]
[BlackElo "2098"]
[PlyCount "146"]
[EventDate "2019.07.20"]
[EventType "swiss"]
[EventRounds "9"]
[EventCountry "CAN"]

1. d4 d5 2. Bg5 g6 3. Nf3 Bg7 4. e3 Nf6 5. Bd3 Nbd7 6. Nbd2 c5 7. c3 Qc7 8. Bf4
Qb6 9. Qb3 O-O 10. h3 Qa5 11. Qb5 Qxb5 12. Bxb5 a6 13. Bd3 b6 14. O-O Bb7 15.
Ne5 Rac8 16. Rfc1 Rfe8 17. Bc2 Nf8 18. Ba4 Red8 19. Bd1 Ne6 20. Bg3 Bh6 21.
Nef3 Ne4 22. Nxe4 dxe4 23. Ne5 cxd4 24. Ng4 dxc3 25. Nxh6+ Kg7 26. Nxf7 cxb2
27. Be5+ Kxf7 28. Bxb2 Rxc1 29. Rxc1 Rd2 30. Bc2 Nc5 31. Bd4 e6 32. Bxc5 bxc5
33. Bb3 Bd5 34. Rxc5 Bxb3 35. axb3 Rd1+ 36. Kh2 Rb1 37. Ra5 Rxb3 38. Rxa6 h5
39. h4 Kf6 40. Kg3 Rb5 41. Ra8 Rc5 42. Kf4 Rc4 43. Ra6 Rc2 44. Kg3 Rb2 45. Ra4
Kf5 46. Ra8 Kf6 47. Rf8+ Ke5 48. Kh3 Rb1 49. Kh2 Rc1 50. g4 hxg4 51. Rf4 Ra1
52. Rxg4 Kf5 53. Rg5+ Kf6 54. Kg2 Rb1 55. Rg3 Ra1 56. Rh3 Kf5 57. h5 gxh5 58.
Rxh5+ Kf6 59. Rh8 Kf5 60. Rf8+ Ke5 61. Rh8 Kf5 62. Rh2 Rb1 63. Rh5+ Kf6 64. Ra5
Rc1 65. Ra2 Kf5 66. Ra5+ Kf6 67. Rb5 Ra1 68. Kg3 Ra2 69. Rb1 Kf5 70. Rb8 Rc2
71. Rf8+ Ke5 72. Rf4 Rc1 73. Kg4 Rg1+ 1/2-1/2

[Event "Quebec op"]
[Site "Longueuil CAN"]
[Date "2019.07.26"]
[Round "8.20"]
[White "Mercure, Gilbert"]
[Black "Craciun, David"]
[Result "0-1"]
[WhiteElo "1795"]
[BlackElo "1720"]
[PlyCount "86"]
[EventDate "2019.07.20"]
[EventType "swiss"]
[EventRounds "9"]
[EventCountry "CAN"]

1. e4 e5 2. Nf3 Nc6 3. Bc4 Bc5 4. b4 Bxb4 5. c3 Ba5 6. d4 exd4 7. Qb3 Qf6 8.
O-O d6 9. cxd4 Nge7 10. e5 dxe5 11. d5 Bd7 12. dxc6 Nxc6 13. Ba3 Bb6 14. Nbd2
O-O-O 15. Ne4 Qf4 16. Bd3 f5 17. Bc1 Qg4 18. h3 Qg6 19. Ng3 Qxg3 20. Qxb6 axb6
21. fxg3 e4 22. Ng5 exd3 23. Nf7 Be6 24. Nxd8 Rxd8 25. Bd2 Nd4 26. a3 Nc2 27.
Rac1 Nxa3 28. Rc3 Nb5 29. Rcc1 Nd4 30. Kf2 c5 31. Ra1 Kc7 32. Bc3 Nc2 33. Be5+
Kc6 34. Rad1 Rd7 35. Rd2 c4 36. Kf3 Bd5+ 37. Kf4 Be4 38. g4 Rf7 39. Rg1 Bd5 40.
g5 b5 41. Rc1 Kc5 42. Bd6+ Kxd6 43. Rcxc2 Kc5 0-1